| 000 | 00500nam a2200181Ia 4500 | ||
|---|---|---|---|
| 008 | 240925s9999 xx 000 0 und d | ||
| 020 | _a9781904339830 | ||
| 082 | _a658.155 LEA | ||
| 100 | _aLeautier, Thomas- olivieer | ||
| 245 | 0 | _aCorporate Risk Management for Value Creation: a guide to real- life applications | |
| 250 | _aNA | ||
| 260 |
_aLondon: _bRisk Books _c,2007. |
||
| 300 |
_axiii,600p. _bNA _fOriginal |
||
| 500 | _aNA | ||
| 600 | _aManagement | ||
| 650 | _aManagement | ||
| 942 | _cBK | ||
| 999 |
_c9923 _d9923 |
||